Text book of political science. II PUC. (Record no. 99608)

MARC details
000 -LEADER
fixed length control field 00485nam a2200193Ia 4500
003 - CONTROL NUMBER IDENTIFIER
control field OSt
005 - DATE AND TIME OF LATEST TRANSACTION
control field 20260527143841.0
008 - FIXED-LENGTH DATA ELEMENTS--GENERAL INFORMATION
fixed length control field 210210b1996 xxu||||| |||| 00| 0 eng d
040 ## - CATALOGING SOURCE
Transcribing agency AL
041 ## - LANGUAGE CODE
Language code of text/sound track or separate title English
082 ## - DEWEY DECIMAL CLASSIFICATION NUMBER
Classification number 320 NANT
100 ## - MAIN ENTRY--PERSONAL NAME
Personal name NANJUNDASWAMY (M).
9 (RLIN) 264741
245 ## - TITLE STATEMENT
Title Text book of political science. II PUC.
260 ## - PUBLICATION, DISTRIBUTION, ETC.
Place of publication, distribution, etc. Madras
Name of publisher, distributor, etc. Saraswati House (P) Ltd.
Date of publication, distribution, etc. 1996
300 ## - PHYSICAL DESCRIPTION
Extent vi,194
690 ## - LOCAL SUBJECT ADDED ENTRY--TOPICAL TERM (OCLC, RLIN)
Topical term or geographic name as entry element Political Theory
9 (RLIN) 264742
906 ## - LOCAL DATA ELEMENT F, LDF (RLIN)
a 051360
942 ## - ADDED ENTRY ELEMENTS (KOHA)
Source of classification or shelving scheme Dewey Decimal Classification
Koha item type Book
Holdings
Withdrawn status Lost status Source of classification or shelving scheme Damaged status Not for loan Collection code Home library Current library Date acquired Cost, normal purchase price Total Checkouts Full call number Barcode Date last seen Price effective from Koha item type Shelving location
    Dewey Decimal Classification     Political Science St Aloysius Library St Aloysius Library 02/17/2021 50.00   320 NANT 051360 02/17/2021 02/17/2021 Book  
Discarded           St Aloysius Library St Aloysius Library 02/17/2021 50.00   320 NANT 051359 02/17/2021 02/17/2021 Book